Statistics for Countries Where Sex Outside Marriage is Illegal

Click here to take the quiz!

General Stats

  • This quiz has been taken 1,023 times
  • The average score is 9 of 11

Answer Stats

Country% Correct
Saudi Arabia
95%
Iran
94%
Yemen
90%
Oman
88%
United Arab Emirates
85%
Qatar
83%
Pakistan
82%
Afghanistan
78%
Kuwait
78%
Libya
58%
Maldives
24%

Score Distribution

Percentile by Number Answered

Percent of People with Each Score

Your Score History

You have not taken this quiz